Chế độ ruộng đất ở Việt Nam từ thế kỷ XI - XVIII

Salvato in:
Dettagli Bibliografici
Natura: Libro
Tags: Aggiungi Tag
Nessun Tag, puoi essere il primo ad aggiungerne! !
Thư viện lưu trữ: Mạng thư viện Đại học Đà Nẵng
LEADER 00613nam a2200193 4500
001 000009920
003 6118
005 20150812140814.0
008 111103s sd
245 0 0 |a Chế độ ruộng đất ở Việt Nam từ thế kỷ XI - XVIII  |c Trương Hữu Quýnh 
774 |a Trương Hữu Quýnh  |d 1982  |d Khoa học xã hội  |d H.  |g Tập 1  |h 342tr.  |t Thế kỷ XI - XV  |w 6119 
OWN |a LSP 
999 |a From the UDN01 
TYP |a Monograph 
TYP |a Printed language 
980 |a Mạng thư viện Đại học Đà Nẵng